000 00686nam a2200289Ia 4500
005 20260324141939.0
008 008 260324s9999 xx 000 0 eng d
020 _a9780203871102
037 _aEBOOK
040 _aCRL
040 _beng
040 _cCRL
041 _2eng
041 _aeng
084 _qCRL
100 _aValerie R. Hotchkiss
_91210115
245 0 _aClothes Make the Man
245 0 _bFemale Cross Dressing in Medieval Europe
260 _bTaylor and Francis
260 _c1996
365 _a
365 _b180
856 _uhttp://www.taylorfrancis.com/books/9780203871102
942 _cEBOOK
999 _c1813748
_d1813748